000 00500nam a2200169Ia 4500
999 _c309
_d309
003 OSt
005 20210909120638.0
008 190216s9999||||xx |||||||||||||| ||und||
040 _coclc
082 _a297
_bDAR/M
100 _aDaraz, Muhammed Abdulla
_98821
245 0 _aAl Mukhtar Min Kunuzu Al Sunnah Al Nabaviyya /
_cMuhammed Abdulla Daraz
260 _bDarul Qur`An Ul Kareem,
_aBairouth:
300 _a536p
650 _aArabic
942 _cBK
_2ddc
_h297
_iDAR/M
_k297
_mDAR/M